Pricing in the Electrical Oligopoly

Uloženo v:
Podrobná bibliografie
Hlavní autor: Sultan, Ralph G. M.
Médium: Kniha
Jazyk:Undetermined
Vydáno: Boston Harvard University Press 1974
Témata:
Tagy: Přidat tag
Žádné tagy, Buďte první, kdo otaguje tento záznam!
Thư viện lưu trữ: Trung tâm Học liệu Trường Đại học Cần Thơ
LEADER 00554nam a2200205Ia 4500
001 CTU_85177
008 210402s9999 xx 000 0 und d
082 |a 338.4 
082 |b S949 
100 |a Sultan, Ralph G. M. 
245 0 |a Pricing in the Electrical Oligopoly 
245 0 |c Ralph G. M. Sultan 
260 |a Boston 
260 |b Harvard University Press 
260 |c 1974 
650 |a Electric machinery industry 
650 |x Prices 
650 |z United states 
904 |i Năm 
980 |a Trung tâm Học liệu Trường Đại học Cần Thơ